000 00221nam a22000857a 4500
008 170607b xxu||||| |||| 00| 0 eng d
100 _93316
_aAnand. U
245 _aLets do a play
260 _aNew Delhi
_bNational Book Trust
_c2003
999 _c6635
_d6635